000 00801cab a2200253 4500
001 ABS54877
008 090401t1996 xxu||||| |||| 00| 0 eng d
035 _a(Sirsi) u12723
041 _aeng
100 _aMacneil, J.
245 _aPetronas towers are go
260 _c1996
350 _a0
490 _aBuilding
_v261(7936) 12 April 1996, 32-37(6)
520 _aLooks at the story of Petronas Towers in Kuala Lumpar from its inception to breaking the record for the world`s tallest building, including planning issues and logistical considerations.
650 _aHIGH RISE BUILDINGS
650 _aKUALA LUMPUR
650 _aMALAYSIA
650 _aPETRONAS TOWERS
650 _aTALLEST BUILDING
690 _aBUILT ENVIRONMENT-CONSTRUCTION DESIGN
942 _n0
948 _c04/03/1997
999 _c8146
_d8146